(Record no. 3171)

MARC details
000 -LEADER
campo de control de longitud fija 00342nam a22001457a 4500
001 - NÚMERO DE CONTROL
campo de control 11964
005 - FECHA Y HORA DE LA ÚLTIMA TRANSACCIÓN
campo de control 20250522045637.0
008 - DATOS DE LONGITUD FIJA--INFORMACIÓN GENERAL
campo de control de longitud fija 5230201993 dr
020 ## - NÚMERO INTERNACIONAL ESTÁNDAR DEL LIBRO
Número Internacional Estándar del Libro [sin ISBN]
082 ## - NÚMERO DE LA CLASIFICACIÓN DECIMAL DEWEY
Número de clasificación RD 338.4791
Número de ítem P9299t
100 ## - ENTRADA PRINCIPAL--NOMBRE DE PERSONA
Nombre de persona
245 ## - MENCIÓN DEL TÍTULO
Título
Mención de responsabilidad, etc. Jorge Luis Pérez Alvarado.
260 ## - PUBLICACIÓN, DISTRIBUCIÓN, ETC.
Lugar de publicación, distribución, etc. Santo Domingo :
300 ## - DESCRIPCIÓN FÍSICA
Extensión 147p. ; 21 cm.
Holdings
Estatus retirado Estado de pérdida Estado de daño No para préstamo Colección Biblioteca de origen Biblioteca actual Fecha de adquisición Total de préstamos Signatura topográfica completa Código de barras Visto por última vez Copia número Precio de reemplazo Tipo de ítem Koha
        Acervo general de Libros Biblioteca Central Mons. Favio M. Rivas S. Biblioteca Central Mons. Favio M. Rivas S. 27/06/2016   RD 338.4791 000000004826 23/05/2025 1 23/05/2025 Libros